རྫོང་ཁའི་ཚིག་མཛོད། (Record no. 4399)

MARC details
000 -LEADER
fixed length control field 00537cam a2200193 4500
001 - CONTROL NUMBER
control field 5241
005 - DATE AND TIME OF LATEST TRANSACTION
control field 20190909110600.0
008 - FIXED-LENGTH DATA ELEMENTS--GENERAL INFORMATION
fixed length control field 190909b ||||| |||| 00| 0 eng d
010 ## - LIBRARY OF CONGRESS CONTROL NUMBER
LC control number 2003320414
020 ## - INTERNATIONAL STANDARD BOOK NUMBER
International Standard Book Number 9993622095
245 00 - TITLE STATEMENT
Title རྫོང་ཁའི་ཚིག་མཛོད།
246 31 - VARYING FORM OF TITLE
Title proper/short title Dzongkhai chigzho ja
250 ## - EDITION STATEMENT
Edition statement 2005.
260 ## - PUBLICATION, DISTRIBUTION, ETC.
Place of publication, distribution, etc. Thimphu :
Name of publisher, distributor, etc. KMT Publishing House.
Date of publication, distribution, etc. 2005.
300 ## - PHYSICAL DESCRIPTION
Extent 1094 p. ;
Dimensions 25 cm.
546 ## - LANGUAGE NOTE
Language note In Dzongkha.
650 #0 - SUBJECT ADDED ENTRY--TOPICAL TERM
Topical term or geographic name entry element Dzongkha language
Form subdivision Dictionaries.
942 ## - ADDED ENTRY ELEMENTS (KOHA)
Source of classification or shelving scheme Dewey Decimal Classification
Koha item type Dzongkha
Holdings
Withdrawn status Lost status Source of classification or shelving scheme Damaged status Not for loan Collection code Home library Current library Shelving location Date acquired Serial Enumeration / chronology Inventory number Total Checkouts Full call number Barcode Date last seen Date last checked out Copy number Price effective from Koha item type Total Renewals
    Dewey Decimal Classification     Dzongkha RTC Library RTC Library Dzongkha 27/11/2018 8528 5 495.43 THI 30008987 12/01/2022 13/05/2021 2 27/11/2018 Dzongkha  
    Dewey Decimal Classification     Dzongkha RTC Library RTC Library Dzongkha 27/11/2018 8527 6 495.43 THI 30008955 12/01/2022 01/05/2021 1 27/11/2018 Dzongkha 1
Royal Thimphu College || All Right Reserved